| 000 | 00385cam a2200157ua 4500 | ||
|---|---|---|---|
| 041 |
_ahin _h |
||
| 082 |
_a891.54 _bUPE/RE |
||
| 100 | _aUpendranath, Ashk . | ||
| 245 |
_aRekayem our chitr / _cUpendranath ashk. _hTextual Documents |
||
| 250 |
_a1 / _b. |
||
| 260 |
_aPrayag : _bNeelab Prakashan , _c1955. |
||
| 300 | _a264 ; . | ||
| 504 | _a | ||
| 942 | _cBK | ||
| 999 |
_c11496 _d11496 |
||